000 00424nam a22001577a 4500
999 _c13343
_d13343
003 MAJU-Karachi
005 20220706141812.0
008 220706b ||||| |||| 00| 0 eng d
020 _a0765680580
040 _cdlc
050 _a382.03
_b5103
082 _2V.1
_a382.03
_b5103
100 _aNorthrup, Cynthia Clark, 1959-
245 _aEncyclopedia of world trade : from ancient times to the present
942 _2ddc
_cREF